| 000 | 00391cam a22001097a 4500 | ||
|---|---|---|---|
| 008 | 180718b xxu||||| |||| 00| 0 eng d | ||
| 082 | _aO1x42 1961 | ||
| 245 |
_aReport of the central health services council, U.K. _cby Her Majesty's Stationery Office |
||
| 260 |
_aLondon _bHer Majesty's Stationery Office _c |
||
| 500 | _aLibrary has 1956,1958-1962, 1964 | ||
| 700 | _aHer Majesty's Stationery Office | ||
| 999 |
_c411913 _d411913 |
||